000
00261nam a2200097Ia 4500
082
_a
650.14 ALLE
245
0
_a
The right career moves handbook
100
_a
ALLEN, Sophie London, 2003
_9
55155
942
_c
BK
008
210817s9999 xx 000 0 und d
999
_c
173705
_d
173703